<?xml version="1.0" encoding="UTF-8"?><?xml-stylesheet type="text/xsl" href="static/style.xsl"?><OAI-PMH xmlns="http://www.openarchives.org/OAI/2.0/" xmlns:xsi="http://www.w3.org/2001/XMLSchema-instance" xsi:schemaLocation="http://www.openarchives.org/OAI/2.0/ http://www.openarchives.org/OAI/2.0/OAI-PMH.xsd"><responseDate>2026-04-13T02:08:59Z</responseDate><request verb="GetRecord" identifier="oai:www.recercat.cat:2445/199407" metadataPrefix="marc">https://recercat.cat/oai/request</request><GetRecord><record><header><identifier>oai:recercat.cat:2445/199407</identifier><datestamp>2025-12-05T15:54:29Z</datestamp><setSpec>com_2072_1057</setSpec><setSpec>col_2072_478860</setSpec><setSpec>col_2072_478917</setSpec></header><metadata><record xmlns="http://www.loc.gov/MARC21/slim" xmlns:dcterms="http://purl.org/dc/terms/" xmlns:xsi="http://www.w3.org/2001/XMLSchema-instance" xmlns:doc="http://www.lyncode.com/xoai" xsi:schemaLocation="http://www.loc.gov/MARC21/slim http://www.loc.gov/standards/marcxml/schema/MARC21slim.xsd">
   <leader>00925njm 22002777a 4500</leader>
   <datafield ind2=" " ind1=" " tag="042">
      <subfield code="a">dc</subfield>
   </datafield>
   <datafield ind2=" " ind1=" " tag="720">
      <subfield code="a">Bertran Luengo, María Jesús</subfield>
      <subfield code="e">author</subfield>
   </datafield>
   <datafield ind2=" " ind1=" " tag="720">
      <subfield code="a">Jansà Morató, Margarida</subfield>
      <subfield code="e">author</subfield>
   </datafield>
   <datafield ind2=" " ind1=" " tag="720">
      <subfield code="a">Vidal Flor, Mercè</subfield>
      <subfield code="e">author</subfield>
   </datafield>
   <datafield ind2=" " ind1=" " tag="720">
      <subfield code="a">Núñez Juárez, Montserrat</subfield>
      <subfield code="e">author</subfield>
   </datafield>
   <datafield ind2=" " ind1=" " tag="720">
      <subfield code="a">Isla Pera, Ma. Pilar (María Pilar)</subfield>
      <subfield code="e">author</subfield>
   </datafield>
   <datafield ind2=" " ind1=" " tag="720">
      <subfield code="a">Escarrabill Sanglas, Joan</subfield>
      <subfield code="e">author</subfield>
   </datafield>
   <datafield ind2=" " ind1=" " tag="260">
      <subfield code="c">2023-06-16T17:39:34Z</subfield>
   </datafield>
   <datafield ind2=" " ind1=" " tag="260">
      <subfield code="c">2023-06-16T17:39:34Z</subfield>
   </datafield>
   <datafield ind2=" " ind1=" " tag="260">
      <subfield code="c">2020-03-03</subfield>
   </datafield>
   <datafield ind2=" " ind1=" " tag="260">
      <subfield code="c">2023-06-16T17:39:34Z</subfield>
   </datafield>
   <datafield ind2=" " ind1=" " tag="520">
      <subfield code="a">Antecedentes y objetivo: La educación terapéutica (ET) se ha demostrado eficaz e imprescindible en un contexto de prevalencia creciente de enfermedades crónicas, siendo necesarias herramientas para la planificación de programas estructurados. El objetivo fue elaborar una guía para el diseño y evaluación de un programa de educación terapéutica. Métodos: 1) Se constituyó un grupo multidisciplinario de profesionales expertos, procedentes de distintas áreas hospitalarias. 2) Se realizó una revisión exhaustiva de la literatura científica sobre la planificación de programas de ET dirigidos a personas con diferentes enfermedades crónicas, familiares o cuidadores. 3) El texto final propuesto se sometió a comentarios y sugerencias de profesionales del centro directamente implicados en actividades educativas y participantes en un curso sobre metodología de Información y Educación Terapéutica. Las recomendaciones fueron consensuadas por el grupo redactor. Resultados Se obtuvo un procedimiento normalizado de trabajo dirigido a los profesionales implicados en la planificación de programas estructurados de ET, basado en recomendaciones internacionales. El documento está estructurado en los siguientes apartados: a) Definición del problema de salud y análisis de la situación. b) Estructura del programa: recursos humanos y materiales; objetivos: de salud, de conducta y educativos y metodología. c) Circuito que sigue el paciente y familia/cuidador en el programa. d) Evaluación e indicadores. La evaluación del procedimiento, en el marco de los cursos de metodología, fue favorable. Conclusiones: La metodología aportada por este documento servirá de instrumento para planificar de forma homogénea y sistematizada los programas educativos, unificando criterios en la redacción de los programas.</subfield>
   </datafield>
   <datafield tag="653" ind2=" " ind1=" ">
      <subfield code="a">Atenció primària</subfield>
   </datafield>
   <datafield tag="653" ind2=" " ind1=" ">
      <subfield code="a">Malalties cròniques</subfield>
   </datafield>
   <datafield tag="653" ind2=" " ind1=" ">
      <subfield code="a">Educació dels pacients</subfield>
   </datafield>
   <datafield tag="653" ind2=" " ind1=" ">
      <subfield code="a">Primary care</subfield>
   </datafield>
   <datafield tag="653" ind2=" " ind1=" ">
      <subfield code="a">Chronic diseases</subfield>
   </datafield>
   <datafield tag="653" ind2=" " ind1=" ">
      <subfield code="a">Patient education</subfield>
   </datafield>
   <datafield ind2="0" ind1="0" tag="245">
      <subfield code="a">Guía metodológica para la elaboración de un programa estructurado de educación terapéutica: del diseño a la evaluación</subfield>
   </datafield>
</record></metadata></record></GetRecord></OAI-PMH>